000 00619nam a2200229 i 4500
001 C2-0242122
003 PPAK
005 20180727204221.0
008 020911s1952 si |||| ||||| | may d
040 _aPPAK
_beng
_cPPAK
_erda
082 0 4 _a398.22
_223
090 0 0 _a398.22
_bHIK
_dKSI
245 0 0 _aHikayat Hang Tuah
264 1 _aSingapura :
_bMalaya Publishing House, Ltd. ,
_c1952
300 _a225 pages ;
_c22 cm
336 _2rdacontent
_atext
337 _2rdamedia
_aunmediated
338 _2rdacarrier
_avolume
500 _aTeks dalam tulisan jawi
650 1 0 _aFolk literature, Malay
942 _ddc
_cB
999 _c56926
_d56926